000 00378nam a2200145Ia 4500
008 240624s9999 xx 000 0 und d
041 _aeng
082 _a658.4092 KOU
100 _aKOUZES JAMES
245 _aLEADERSHIP CHALLENGE HOW TO MAKE EXTRAOR
250 _a(5th ed.)
260 _c2014
_aNew Delhi
_bJossey- Bass
300 _axiii, : 394 : p. : cm. ; 23
365 _cRS
999 _c24051
_d24051